| 000 | nam a22 7a 4500 | ||
|---|---|---|---|
| 999 |
_c94490 _d94489 |
||
| 005 | 20180524110404.0 | ||
| 008 | 180524b ||||| |||| 00| 0 eng d | ||
| 080 |
_a591(54-52) _bFAU N.1 |
||
| 100 | _aBaylis, H. A | ||
| 245 |
_aThe fauna of British India : _bincluding Ceylon and Burma |
||
| 260 |
_aNewdelhi _bToday towmorrows printers _c1936 |
||
| 300 | _axxix,408p. | ||
| 490 |
_aNematoda _vV.1 |
||
| 653 | _aMorphology - | ||
| 942 | _cBK | ||